AUTOMOBILE ENGINEERING - 5ED (Record no. 735072)

MARC details
000 -LEADER
fixed length control field 00243nam a2200097Ia 4500
008 - FIXED-LENGTH DATA ELEMENTS--GENERAL INFORMATION
fixed length control field 230508s2005 xx 000 0 und d
041 ## - LANGUAGE CODE
Language code of text/sound track or separate title eng
100 ## - MAIN ENTRY--PERSONAL NAME
Personal name S.L.GAVHALE
245 ## - TITLE STATEMENT
Title AUTOMOBILE ENGINEERING - 5ED
260 ## - PUBLICATION, DISTRIBUTION, ETC.
Name of publisher, distributor, etc. NIRALI PUBLI.PUNE
Date of publication, distribution, etc. 2005

No items available.